000 00629nam a22002057a 4500
005 20251108173338.0
008 250721s1996 xx 000 0 ara d
020 _a9771404334
082 1 4 _aط/ ق
100 1 _aعبد الله، رجاء
245 1 0 _aالكويكب السري /
264 1 _aالقاهرة :
_bنهضة مصر،
_c1996.
300 _a102ص.
490 0 _aكتاب الشباب : مغامرات القرن القادم 20
_v9
650 1 7 _aالقصص العربية
653 _aناشئون كبار (15-18 سنة)
700 1 _aصالح، عادل
_eCart.
942 _2ddc
_cBK
999 _c101746
_d101746